[Event "Masters Tournament (MTO)"]
[Site "Biel, CH"]
[Date "2025.07.15"]
[Round "2"]
[White "Deshpande, Aniruddha"]
[Black "Karthikeyan, Murali"]
[Result "0-1"]
[Board "1"]
[WhiteFideId "5021774"]
[BlackFideId "5074452"]
[WhiteTitle "FM"]
[BlackTitle "GM"]
[WhiteElo "2263"]
[BlackElo "2650"]
[WhiteTeam "IND"]
[BlackTeam "IND"]
[WhiteClock "0:03:15"]
[BlackClock "0:23:07"]
[Variant "Standard"]

1. c4 {[%clk 1:40:45]}  e6 {[%clk 1:36:56]} 2. g3 {[%clk 1:40:31]}  d5 {[%clk 1:36:59]} 3. cxd5 {[%clk 1:37:31]}  exd5 {[%clk 1:37:06]} 4. Bg2 {[%clk 1:37:28]}  Nf6 {[%clk 1:36:41]} 5. Nf3 {[%clk 1:37:51]}  Bd6 {[%clk 1:29:52]} 6. O-O {[%clk 1:38:00]}  O-O {[%clk 1:30:16]} 7. b3 {[%clk 1:36:54]}  Re8 {[%clk 1:28:50]} 8. Bb2 {[%clk 1:35:27]}  c6 {[%clk 1:24:20]} 9. d3 {[%clk 1:33:44]}  Bg4 {[%clk 1:22:57]} 10. Nbd2 {[%clk 1:31:55]}  Nbd7 {[%clk 1:22:20]} 11. h3 {[%clk 1:28:32]}  Bh5 {[%clk 1:21:36]} 12. Re1 {[%clk 1:28:26]}  a5 {[%clk 1:15:32]} 13. Qc2 {[%clk 1:27:10]}  h6 {[%clk 1:12:43]} 14. e4 {[%clk 1:18:10]}  dxe4 {[%clk 1:07:39]} 15. dxe4 {[%clk 1:17:38]}  Bg6 {[%clk 1:07:50]} 16. Nh4 {[%clk 1:10:18]}  Bh7 {[%clk 1:08:00]} 17. Rad1 {[%clk 1:10:13]}  Qc7 {[%clk 0:31:43]} 18. a3 {[%clk 0:49:40]}  Rad8 {[%clk 0:42:17]} 19. Nc4 {[%clk 0:41:57]}  Bc5 {[%clk 0:41:22]} 20. Qc3 {[%clk 0:35:41]}  b5 {[%clk 0:33:55]} 21. Ne3 {[%clk 0:32:08]}  b4 {[%clk 0:31:52]} 22. Qc4 {[%clk 0:28:52]}  Bf8 {[%clk 0:14:22]} 23. Nhf5 {[%clk 0:12:04]}  bxa3 {[%clk 0:21:57]} 24. Ba1 {[%clk 0:04:49]}  Qb6 {[%clk 0:12:42]} 25. Kh2 {[%clk 0:07:14]}  Qc5 {[%clk 0:07:47]} 26. f4 {[%clk 0:05:41]}  Qxc4 {[%clk 0:07:42]} 27. Nxc4 {[%clk 0:05:09]}  Bb4 {[%clk 0:03:25]} 28. Nfd6 {[%clk 0:05:14]}  Bxe1 {[%clk 0:01:56]} 29. Rxe1 {[%clk 0:05:42]}  Nc5 {[%clk 0:01:03]} 30. Nxe8 {[%clk 0:02:47]}  Nxe8 {[%clk 0:01:27]} 31. Nxa3 {[%clk 0:02:34]}  Nxb3 {[%clk 0:01:32]} 32. e5 {[%clk 0:02:18]}  c5 {[%clk 0:01:21]} 33. Bc3 {[%clk 0:01:08]}  Rd3 {[%clk 0:00:50]} 34. Nb5 {[%clk 0:00:52]}  Nc7 {[%clk 0:00:49]} 35. Nxc7 {[%clk 0:00:39]}  Rxc3 {[%clk 0:01:18]} 36. e6 {[%clk 0:00:35]}  fxe6 {[%clk 0:01:44]} 37. Nxe6 {[%clk 0:00:58]}  Nd4 {[%clk 0:00:48]} 38. Bd5 {[%clk 0:01:02]}  Nf3+ {[%clk 0:00:34]} 39. Bxf3 {[%clk 0:01:23]}  Rxf3 {[%clk 0:00:59]} 40. Nxc5 {[%clk 0:01:21]}  Rc3 {[%clk 0:30:56]} 41. Re8+ {[%clk 0:12:26]}  Kf7 {[%clk 0:31:21]} 42. Re5 {[%clk 0:12:51]}  Bc2 {[%clk 0:28:52]} 43. Nb7 {[%clk 0:09:47]}  a4 {[%clk 0:29:16]} 44. Nd6+ {[%clk 0:04:19]}  Kf6 {[%clk 0:23:20]} 45. g4 {[%clk 0:08:24]}  Rc6 {[%clk 0:21:34]} 46. Nb5 {[%clk 0:07:11]}  Bd3 {[%clk 0:19:11]} 47. h4 {[%clk 0:04:18]}  Bxb5 {[%clk 0:19:35]} 48. Rxb5 {[%clk 0:02:48]}  Ra6 {[%clk 0:20:01]} 49. g5+ {[%clk 0:02:10]}  hxg5 {[%clk 0:20:00]} 50. fxg5+ {[%clk 0:02:21]}  Kg6 {[%clk 0:20:20]} 51. Rb2 {[%clk 0:02:44]}  a3 {[%clk 0:20:37]} 52. Ra2 {[%clk 0:03:12]}  Kh5 {[%clk 0:20:43]} 53. Kg3 {[%clk 0:03:28]}  Ra4 {[%clk 0:21:03]} 54. Kh3 {[%clk 0:01:00]}  Rxh4+ {[%clk 0:21:20]} 55. Kg3 {[%clk 0:01:26]}  Ra4 {[%clk 0:21:44]} 56. Kf3 {[%clk 0:01:47]}  Kxg5 {[%clk 0:22:03]} 57. Kg3 {[%clk 0:01:55]}  Kf5 {[%clk 0:22:24]} 58. Kf3 {[%clk 0:02:20]}  g5 {[%clk 0:22:45]} 59. Ke3 {[%clk 0:02:34]}  g4 {[%clk 0:22:50]} 60. Rf2+ {[%clk 0:02:53]}  Ke5 {[%clk 0:22:51]} 61. Ra2 {[%clk 0:03:15]}  Ra8 {[%clk 0:23:07]} 0-1

[Event "Masters Tournament (MTO)"]
[Site "Biel, CH"]
[Date "2025.07.15"]
[Round "2"]
[White "Bok, Benjamin"]
[Black "Wuebker, Paul-Luca"]
[Result "1-0"]
[Board "2"]
[WhiteFideId "1017063"]
[BlackFideId "12939528"]
[WhiteTitle "GM"]
[BlackTitle "CM"]
[WhiteElo "2593"]
[BlackElo "2250"]
[WhiteTeam "NED"]
[BlackTeam "GER"]
[WhiteClock "0:21:01"]
[BlackClock "0:23:16"]
[Variant "Standard"]

1. Nf3 {[%clk 1:40:50]}  d5 {[%clk 1:40:29]} 2. g3 {[%clk 1:41:06]}  Nd7 {[%clk 1:40:47]} 3. d4 {[%clk 1:41:07]}  Nb6 {[%clk 1:40:46]} 4. Nc3 {[%clk 1:34:45]}  Bf5 {[%clk 1:35:25]} 5. Nh4 {[%clk 1:39:46]}  Bg4 {[%clk 1:34:16]} 6. h3 {[%clk 1:38:33]}  Bh5 {[%clk 1:33:54]} 7. Qd3 {[%clk 1:35:36]}  c6 {[%clk 1:17:01]} 8. e4 {[%clk 1:27:31]}  e6 {[%clk 1:10:42]} 9. Ng2 {[%clk 1:09:56]}  Bb4 {[%clk 0:40:23]} 10. Nf4 {[%clk 1:08:26]}  dxe4 {[%clk 0:39:19]} 11. Qxe4 {[%clk 1:08:47]}  Bg6 {[%clk 0:34:57]} 12. Nxg6 {[%clk 1:05:38]}  hxg6 {[%clk 0:34:37]} 13. Bg2 {[%clk 0:45:58]}  Bxc3+ {[%clk 0:31:53]} 14. bxc3 {[%clk 0:44:55]}  Qd5 {[%clk 0:32:16]} 15. Kf1 {[%clk 0:41:12]}  Qc4+ {[%clk 0:24:30]} 16. Qd3 {[%clk 0:40:24]}  Qa4 {[%clk 0:24:55]} 17. Bf3 {[%clk 0:37:52]}  Nf6 {[%clk 0:24:37]} 18. Kg2 {[%clk 0:34:44]}  Rd8 {[%clk 0:24:59]} 19. Bg5 {[%clk 0:32:45]}  Rd7 {[%clk 0:11:37]} 20. h4 {[%clk 0:15:46]}  c5 {[%clk 0:24:48]} 21. Qe2 {[%clk 0:04:23]}  cxd4 {[%clk 0:20:12]} 22. Qe5 {[%clk 0:04:00]}  dxc3 {[%clk 0:12:14]} 23. Bxf6 {[%clk 0:03:35]}  gxf6 {[%clk 0:12:38]} 24. Qxf6 {[%clk 0:04:04]}  Qd4 {[%clk 0:13:02]} 25. Qg5 {[%clk 0:01:31]}  Nc4 {[%clk 0:10:59]} 26. Rab1 {[%clk 0:01:12]}  Nd2 {[%clk 0:08:30]} 27. Rxb7 {[%clk 0:00:40]}  Rxb7 {[%clk 0:08:55]} 28. Bxb7 {[%clk 0:00:56]}  Rh5 {[%clk 0:09:20]} 29. Qe3 {[%clk 0:00:42]}  Qxe3 {[%clk 0:09:34]} 30. fxe3 {[%clk 0:01:12]}  Ke7 {[%clk 0:09:36]} 31. g4 {[%clk 0:00:35]}  Rb5 {[%clk 0:09:07]} 32. Ba6 {[%clk 0:00:34]}  Rb6 {[%clk 0:07:32]} 33. h5 {[%clk 0:00:33]}  gxh5 {[%clk 0:07:39]} 34. gxh5 {[%clk 0:01:02]}  Kf8 {[%clk 0:08:01]} 35. Bd3 {[%clk 0:00:58]}  f5 {[%clk 0:07:32]} 36. h6 {[%clk 0:00:34]}  Rb8 {[%clk 0:07:57]} 37. Rh4 {[%clk 0:00:36]}  Kf7 {[%clk 0:07:26]} 38. Ra4 {[%clk 0:00:33]}  Rb7 {[%clk 0:07:44]} 39. Ra6 {[%clk 0:00:33]}  Kf6 {[%clk 0:05:09]} 40. Kg3 {[%clk 0:00:34]}  Rc7 {[%clk 0:03:12]} 41. Kf4 {[%clk 0:22:41]}  Rh7 {[%clk 0:21:38]} 42. Rxe6+ {[%clk 0:21:47]}  Kxe6 {[%clk 0:21:42]} 43. Bxf5+ {[%clk 0:22:12]}  Kf6 {[%clk 0:21:41]} 44. Bxh7 {[%clk 0:22:40]}  a5 {[%clk 0:21:44]} 45. Bf5 {[%clk 0:20:34]}  Nc4 {[%clk 0:21:34]} 46. e4 {[%clk 0:20:12]}  a4 {[%clk 0:21:47]} 47. h7 {[%clk 0:20:17]}  Kg7 {[%clk 0:22:13]} 48. e5 {[%clk 0:20:41]}  a3 {[%clk 0:22:19]} 49. e6 {[%clk 0:21:05]}  Kh8 {[%clk 0:22:22]} 50. e7 {[%clk 0:21:08]}  Nd6 {[%clk 0:22:44]} 51. Ke5 {[%clk 0:21:10]}  Ne8 {[%clk 0:22:52]} 52. Bg6 {[%clk 0:21:01]}  Nf6 {[%clk 0:23:16]} 53. e8=Q+ {[%clk 0:21:01]} 1-0

[Event "Masters Tournament (MTO)"]
[Site "Biel, CH"]
[Date "2025.07.15"]
[Round "2"]
[White "Yilmaz, Mustafa"]
[Black "Soo, Kai Jie"]
[Result "1-0"]
[Board "3"]
[WhiteFideId "6302718"]
[BlackFideId "5803454"]
[WhiteTitle "GM"]
[BlackTitle "FM"]
[WhiteElo "2586"]
[BlackElo "2240"]
[WhiteTeam "TUR"]
[BlackTeam "AUS"]
[WhiteClock "0:28:24"]
[BlackClock "0:49:00"]
[Variant "Standard"]

1. Nf3 {[%clk 1:40:58]}  Nf6 {[%clk 1:34:07]} 2. c4 {[%clk 1:41:22]}  e6 {[%clk 1:34:27]} 3. Nc3 {[%clk 1:41:45]}  d5 {[%clk 1:34:50]} 4. d4 {[%clk 1:42:10]}  Bb4 {[%clk 1:35:04]} 5. cxd5 {[%clk 1:42:32]}  exd5 {[%clk 1:35:28]} 6. Bf4 {[%clk 1:42:57]}  c5 {[%clk 1:31:13]} 7. g3 {[%clk 1:41:24]}  Nc6 {[%clk 1:28:55]} 8. Bg2 {[%clk 1:37:16]}  cxd4 {[%clk 1:23:37]} 9. Nxd4 {[%clk 1:37:25]}  Qb6 {[%clk 1:23:54]} 10. Nxc6 {[%clk 1:27:57]}  bxc6 {[%clk 1:09:26]} 11. O-O {[%clk 1:28:12]}  O-O {[%clk 1:08:28]} 12. Be5 {[%clk 1:22:45]}  Re8 {[%clk 1:00:57]} 13. Bxf6 {[%clk 1:17:21]}  gxf6 {[%clk 1:01:25]} 14. e3 {[%clk 1:16:46]}  Bxc3 {[%clk 0:54:05]} 15. bxc3 {[%clk 1:17:09]}  Rb8 {[%clk 0:54:26]} 16. Re1 {[%clk 1:01:51]}  Qc5 {[%clk 0:52:00]} 17. Qc2 {[%clk 0:35:04]}  Be6 {[%clk 0:44:41]} 18. Rab1 {[%clk 0:33:33]}  Rb6 {[%clk 0:43:48]} 19. Rxb6 {[%clk 0:24:06]}  axb6 {[%clk 0:44:15]} 20. a4 {[%clk 0:24:20]}  Ra8 {[%clk 0:44:27]} 21. Rb1 {[%clk 0:22:12]}  Kg7 {[%clk 0:43:28]} 22. Bf1 {[%clk 0:21:13]}  h6 {[%clk 0:35:41]} 23. Rb4 {[%clk 0:21:04]}  Qa5 {[%clk 0:35:12]} 24. Rf4 {[%clk 0:12:57]}  Qc5 {[%clk 0:33:43]} 25. Qb2 {[%clk 0:13:06]}  b5 {[%clk 0:30:57]} 26. axb5 {[%clk 0:09:44]}  cxb5 {[%clk 0:31:24]} 27. Bxb5 {[%clk 0:04:16]}  Qa3 {[%clk 0:31:42]} 28. Rb4 {[%clk 0:01:50]}  Bh3 {[%clk 0:29:51]} 29. Qxa3 {[%clk 0:01:12]}  Rxa3 {[%clk 0:30:20]} 30. Rb1 {[%clk 0:01:12]}  Rxc3 {[%clk 0:30:48]} 31. Be2 {[%clk 0:00:49]}  Rc2 {[%clk 0:30:17]} 32. Bf3 {[%clk 0:00:57]}  Bf5 {[%clk 0:29:08]} 33. Rd1 {[%clk 0:00:41]}  Be4 {[%clk 0:29:31]} 34. Bxe4 {[%clk 0:01:03]}  dxe4 {[%clk 0:29:53]} 35. Rd5 {[%clk 0:01:21]}  Kg6 {[%clk 0:29:37]} 36. g4 {[%clk 0:01:42]}  Rc6 {[%clk 0:28:43]} 37. Kg2 {[%clk 0:01:59]}  Re6 {[%clk 0:27:14]} 38. Kg3 {[%clk 0:02:27]}  Re5 {[%clk 0:27:35]} 39. Rxe5 {[%clk 0:01:47]}  fxe5 {[%clk 0:28:02]} 40. Kh4 {[%clk 0:02:10]}  f6 {[%clk 0:16:55]} 41. h3 {[%clk 0:02:10]}  h5 {[%clk 0:17:19]} 42. gxh5+ {[%clk 0:28:03]}  Kf5 {[%clk 0:47:48]} 43. h6 {[%clk 0:27:16]}  Kg6 {[%clk 0:48:16]} 44. h7 {[%clk 0:27:41]}  Kxh7 {[%clk 0:48:38]} 45. Kh5 {[%clk 0:28:07]}  Kg7 {[%clk 0:49:00]} 46. h4 {[%clk 0:28:24]} 1-0

[Event "Masters Tournament (MTO)"]
[Site "Biel, CH"]
[Date "2025.07.15"]
[Round "2"]
[White "Chen, Zhi"]
[Black "Pranav Anand"]
[Result "0-1"]
[Board "4"]
[WhiteFideId "8619549"]
[BlackFideId "46626786"]
[BlackTitle "GM"]
[WhiteElo "2246"]
[BlackElo "2566"]
[WhiteTeam "CHN"]
[BlackTeam "IND"]
[WhiteClock "0:09:36"]
[BlackClock "0:22:31"]
[Variant "Standard"]

1. e4 {[%clk 1:40:57]}  c5 {[%clk 1:40:23]} 2. Nf3 {[%clk 1:41:13]}  d6 {[%clk 1:40:47]} 3. d4 {[%clk 1:41:08]}  cxd4 {[%clk 1:41:11]} 4. Nxd4 {[%clk 1:41:31]}  Nf6 {[%clk 1:41:36]} 5. Nc3 {[%clk 1:41:46]}  a6 {[%clk 1:42:01]} 6. Bd3 {[%clk 1:41:27]}  g6 {[%clk 1:42:21]} 7. f3 {[%clk 1:41:38]}  e5 {[%clk 1:42:46]} 8. Nde2 {[%clk 1:40:52]}  Be6 {[%clk 1:42:21]} 9. O-O {[%clk 1:31:43]}  Nbd7 {[%clk 1:35:41]} 10. Qe1 {[%clk 1:31:05]}  b5 {[%clk 1:33:46]} 11. f4 {[%clk 1:24:50]}  Qc7 {[%clk 1:25:04]} 12. Ng3 {[%clk 1:16:46]}  Bg7 {[%clk 1:21:41]} 13. Kh1 {[%clk 0:58:10]}  O-O {[%clk 1:19:31]} 14. f5 {[%clk 0:56:52]}  Bc4 {[%clk 1:18:08]} 15. a3 {[%clk 0:53:55]}  Rab8 {[%clk 1:11:06]} 16. Qe2 {[%clk 0:53:10]}  h6 {[%clk 1:06:44]} 17. Be3 {[%clk 0:53:02]}  Kh7 {[%clk 1:06:09]} 18. Rfd1 {[%clk 0:52:33]}  Rfc8 {[%clk 1:04:51]} 19. b3 {[%clk 0:43:47]}  Bxd3 {[%clk 0:59:44]} 20. Rxd3 {[%clk 0:44:12]}  Qa5 {[%clk 0:54:24]} 21. Nd5 {[%clk 0:40:09]}  Nxd5 {[%clk 0:54:17]} 22. Rxd5 {[%clk 0:40:15]}  Rc6 {[%clk 0:53:51]} 23. Rad1 {[%clk 0:27:19]}  Qc7 {[%clk 0:46:51]} 24. c3 {[%clk 0:17:48]}  Nf6 {[%clk 0:46:48]} 25. R5d3 {[%clk 0:17:39]}  a5 {[%clk 0:42:57]} 26. c4 {[%clk 0:15:46]}  bxc4 {[%clk 0:42:26]} 27. bxc4 {[%clk 0:16:12]}  a4 {[%clk 0:40:20]} 28. Rc3 {[%clk 0:14:36]}  Rc8 {[%clk 0:34:07]} 29. c5 {[%clk 0:12:32]}  dxc5 {[%clk 0:33:52]} 30. fxg6+ {[%clk 0:11:26]}  fxg6 {[%clk 0:34:03]} 31. Qb5 {[%clk 0:11:38]}  h5 {[%clk 0:28:01]} 32. Qxa4 {[%clk 0:09:51]}  c4 {[%clk 0:27:09]} 33. Qc2 {[%clk 0:10:08]}  Ng4 {[%clk 0:26:13]} 34. Nf1 {[%clk 0:09:29]}  Rf8 {[%clk 0:21:49]} 35. h3 {[%clk 0:08:59]}  Rcf6 {[%clk 0:22:04]} 36. Kg1 {[%clk 0:04:51]}  Nxe3 {[%clk 0:18:57]} 37. Nxe3 {[%clk 0:05:15]}  Qa7 {[%clk 0:19:24]} 38. Kh2 {[%clk 0:03:14]}  Rf2 {[%clk 0:06:43]} 39. Rd2 {[%clk 0:03:08]}  Rxd2 {[%clk 0:07:00]} 40. Qxd2 {[%clk 0:03:34]}  Bh6 {[%clk 0:07:23]} 41. Qd6 {[%clk 0:01:51]}  Qd4 {[%clk 0:22:32]} 42. Qc7+ {[%clk 0:24:16]}  Kh8 {[%clk 0:22:53]} 43. Nd5 {[%clk 0:24:09]}  Rf1 {[%clk 0:23:11]} 44. Qc8+ {[%clk 0:19:44]}  Kh7 {[%clk 0:23:12]} 45. Qc7+ {[%clk 0:19:14]}  Bg7 {[%clk 0:23:28]} 46. Qxc4 {[%clk 0:10:50]}  Qg1+ {[%clk 0:22:14]} 47. Kg3 {[%clk 0:11:16]}  Qf2+ {[%clk 0:22:11]} 48. Kh2 {[%clk 0:11:42]}  h4 {[%clk 0:22:34]} 49. Qc5 {[%clk 0:09:36]}  Qe1 {[%clk 0:22:31]} 0-1

[Event "Masters Tournament (MTO)"]
[Site "Biel, CH"]
[Date "2025.07.15"]
[Round "2"]
[White "Karthik Venkataraman"]
[Black "Saminskij, Jan"]
[Result "1-0"]
[Board "5"]
[WhiteFideId "25006479"]
[BlackFideId "1346962"]
[WhiteTitle "GM"]
[WhiteElo "2540"]
[BlackElo "2230"]
[WhiteTeam "IND"]
[BlackTeam "SUI"]
[WhiteClock "0:26:29"]
[BlackClock "0:02:20"]
[Variant "Standard"]

1. e4 {[%clk 1:38:54]}  e5 {[%clk 1:39:52]} 2. Nf3 {[%clk 1:39:16]}  Nc6 {[%clk 1:39:30]} 3. Bc4 {[%clk 1:39:39]}  Bc5 {[%clk 1:39:15]} 4. d3 {[%clk 1:39:07]}  Nf6 {[%clk 1:39:13]} 5. Nc3 {[%clk 1:37:40]}  d6 {[%clk 1:38:22]} 6. Na4 {[%clk 1:39:40]}  Bb6 {[%clk 1:36:45]} 7. O-O {[%clk 1:33:24]}  h6 {[%clk 1:32:59]} 8. a3 {[%clk 1:28:17]}  O-O {[%clk 1:30:58]} 9. h3 {[%clk 1:27:21]}  Be6 {[%clk 1:26:44]} 10. Bxe6 {[%clk 1:34:29]}  fxe6 {[%clk 1:27:08]} 11. b4 {[%clk 1:33:07]}  Qe8 {[%clk 1:23:55]} 12. c3 {[%clk 1:31:24]}  Ne7 {[%clk 1:16:00]} 13. Ra2 {[%clk 1:33:08]}  Ng6 {[%clk 1:13:00]} 14. Re1 {[%clk 1:25:36]}  Nh5 {[%clk 1:09:16]} 15. g3 {[%clk 1:18:51]}  Rd8 {[%clk 1:07:56]} 16. Kg2 {[%clk 1:24:50]}  Nf6 {[%clk 0:57:56]} 17. c4 {[%clk 1:09:41]}  c5 {[%clk 0:51:04]} 18. Qb3 {[%clk 1:07:27]}  Qc6 {[%clk 0:47:52]} 19. Rb2 {[%clk 0:56:14]}  Rf7 {[%clk 0:46:45]} 20. Nxb6 {[%clk 0:55:32]}  axb6 {[%clk 0:45:56]} 21. bxc5 {[%clk 0:55:51]}  bxc5 {[%clk 0:42:08]} 22. Qb6 {[%clk 0:54:24]}  Qd7 {[%clk 0:42:02]} 23. Ree2 {[%clk 0:52:48]}  Ra8 {[%clk 0:40:14]} 24. Rb1 {[%clk 0:51:12]}  Ra6 {[%clk 0:35:24]} 25. Qb5 {[%clk 0:50:38]}  Qd8 {[%clk 0:32:47]} 26. Ne1 {[%clk 0:49:27]}  Kh7 {[%clk 0:22:46]} 27. Re3 {[%clk 0:43:25]}  Rd7 {[%clk 0:27:10]} 28. Nf3 {[%clk 0:41:04]}  Nh5 {[%clk 0:25:47]} 29. Nh2 {[%clk 0:40:47]}  Ne7 {[%clk 0:25:19]} 30. Qb3 {[%clk 0:40:05]}  Nc6 {[%clk 0:21:05]} 31. Nf3 {[%clk 0:37:21]}  Qe8 {[%clk 0:20:49]} 32. Qd1 {[%clk 0:37:20]}  Re7 {[%clk 0:18:58]} 33. Re2 {[%clk 0:36:48]}  Qf7 {[%clk 0:18:34]} 34. Rc2 {[%clk 0:34:56]}  Rc7 {[%clk 0:17:09]} 35. Qe2 {[%clk 0:35:13]}  Qg6 {[%clk 0:15:39]} 36. Kh2 {[%clk 0:34:12]}  Qf7 {[%clk 0:13:45]} 37. Kg2 {[%clk 0:31:52]}  Ra8 {[%clk 0:12:45]} 38. Rb6 {[%clk 0:25:10]}  Ra7 {[%clk 0:06:04]} 39. Rc3 {[%clk 0:29:23]}  Qf6 {[%clk 0:02:22]} 40. Rcb3 {[%clk 0:26:11]}  Qf7 {[%clk 0:00:55]} 41. Be3 {[%clk 0:24:58]}  Nf6 {[%clk 0:27:28]} 42. Qb2 {[%clk 0:52:40]}  Qe7 {[%clk 0:26:28]} 43. Bd2 {[%clk 0:49:51]}  Kg8 {[%clk 0:19:45]} 44. R6b5 {[%clk 0:47:43]}  Qd7 {[%clk 0:13:39]} 45. Bc3 {[%clk 0:44:30]}  Qf7 {[%clk 0:12:15]} 46. Qb1 {[%clk 0:46:43]}  Rd7 {[%clk 0:10:31]} 47. Qb2 {[%clk 0:43:11]}  Nh5 {[%clk 0:11:09]} 48. Ne1 {[%clk 0:36:16]}  Re7 {[%clk 0:05:58]} 49. Rb6 {[%clk 0:38:01]}  Rd7 {[%clk 0:06:03]} 50. R3b5 {[%clk 0:38:29]}  Nf6 {[%clk 0:04:08]} 51. Nf3 {[%clk 0:38:37]}  Nh5 {[%clk 0:04:49]} 52. Rb3 {[%clk 0:34:14]}  Kh8 {[%clk 0:04:23]} 53. a4 {[%clk 0:32:17]}  Rxa4 {[%clk 0:03:55]} 54. Rxb7 {[%clk 0:34:05]}  Ra7 {[%clk 0:04:04]} 55. R7b6 {[%clk 0:32:59]}  Rdc7 {[%clk 0:04:20]} 56. Ra3 {[%clk 0:33:27]}  Rab7 {[%clk 0:03:06]} 57. Raa6 {[%clk 0:29:09]}  Qd7 {[%clk 0:02:47]} 58. Qb5 {[%clk 0:29:35]}  Rxb6 {[%clk 0:02:36]} 59. Rxb6 {[%clk 0:30:03]}  Kh7 {[%clk 0:01:56]} 60. Nd2 {[%clk 0:30:12]}  Nf6 {[%clk 0:01:40]} 61. Nb3 {[%clk 0:30:36]}  Nd4 {[%clk 0:01:16]} 62. Bxd4 {[%clk 0:27:23]}  exd4 {[%clk 0:01:46]} 63. Qxd7 {[%clk 0:27:39]}  Rxd7 {[%clk 0:02:13]} 64. e5 {[%clk 0:26:20]}  dxe5 {[%clk 0:02:12]} 65. Rxe6 {[%clk 0:26:47]}  e4 {[%clk 0:00:54]} 66. Nxc5 {[%clk 0:26:33]}  exd3 {[%clk 0:01:54]} 67. Nxd3 {[%clk 0:27:01]}  Kg8 {[%clk 0:01:16]} 68. c5 {[%clk 0:27:29]}  Kf7 {[%clk 0:01:20]} 69. Rb6 {[%clk 0:27:46]}  Ke7 {[%clk 0:01:05]} 70. Kf3 {[%clk 0:27:55]}  Rc7 {[%clk 0:00:54]} 71. Rb4 {[%clk 0:26:30]}  Rd7 {[%clk 0:00:34]} 72. Ke2 {[%clk 0:26:33]}  Ne4 {[%clk 0:00:38]} 73. c6 {[%clk 0:24:25]}  Rc7 {[%clk 0:00:33]} 74. Rc4 {[%clk 0:24:19]}  Ke6 {[%clk 0:00:40]} 75. Nb4 {[%clk 0:24:25]}  Ke5 {[%clk 0:00:37]} 76. f4+ {[%clk 0:24:23]}  Ke6 {[%clk 0:00:50]} 77. g4 {[%clk 0:24:48]}  Nd6 {[%clk 0:00:33]} 78. Rxd4 {[%clk 0:25:11]}  Ra7 {[%clk 0:00:45]} 79. f5+ {[%clk 0:25:22]}  Ke7 {[%clk 0:01:11]} 80. Nd5+ {[%clk 0:25:40]}  Ke8 {[%clk 0:01:40]} 81. Nf6+ {[%clk 0:24:34]}  gxf6 {[%clk 0:01:23]} 82. Rxd6 {[%clk 0:25:43]}  Ke7 {[%clk 0:01:52]} 83. Re6+ {[%clk 0:26:06]}  Kf7 {[%clk 0:02:20]} 84. Kd3 {[%clk 0:26:29]} 1-0

[Event "Masters Tournament (MTO)"]
[Site "Biel, CH"]
[Date "2025.07.15"]
[Round "2"]
[White "Chen, Muxi"]
[Black "Sasikiran, Krishnan"]
[Result "0-1"]
[Board "6"]
[WhiteFideId "8626073"]
[BlackFideId "5004985"]
[BlackTitle "GM"]
[WhiteElo "2224"]
[BlackElo "2531"]
[WhiteTeam "CHN"]
[BlackTeam "IND"]
[WhiteClock "0:23:14"]
[BlackClock "0:20:01"]
[Variant "Standard"]

1. e4 {[%clk 1:40:56]}  e5 {[%clk 1:40:43]} 2. Nf3 {[%clk 1:41:07]}  Nc6 {[%clk 1:41:03]} 3. Bc4 {[%clk 1:41:25]}  Nf6 {[%clk 1:40:58]} 4. d3 {[%clk 1:41:39]}  h6 {[%clk 1:39:39]} 5. O-O {[%clk 1:40:38]}  Bc5 {[%clk 1:35:08]} 6. c3 {[%clk 1:39:45]}  d6 {[%clk 1:34:39]} 7. Re1 {[%clk 1:38:20]}  O-O {[%clk 1:30:52]} 8. h3 {[%clk 1:35:58]}  a6 {[%clk 1:26:47]} 9. a4 {[%clk 1:34:40]}  Ba7 {[%clk 1:24:05]} 10. Nbd2 {[%clk 1:32:38]}  Ne7 {[%clk 1:21:10]} 11. Nf1 {[%clk 1:34:07]}  Ng6 {[%clk 1:19:21]} 12. d4 {[%clk 1:29:45]}  exd4 {[%clk 1:12:52]} 13. cxd4 {[%clk 1:22:13]}  Nxe4 {[%clk 1:09:38]} 14. Bxf7+ {[%clk 1:20:00]}  Rxf7 {[%clk 1:03:37]} 15. Rxe4 {[%clk 1:19:55]}  Bf5 {[%clk 0:57:11]} 16. Re1 {[%clk 1:06:28]}  Qd7 {[%clk 0:50:25]} 17. Ra3 {[%clk 1:02:27]}  Raf8 {[%clk 0:41:40]} 18. N1h2 {[%clk 0:57:08]}  c6 {[%clk 0:37:43]} 19. h4 {[%clk 0:30:46]}  Bg4 {[%clk 0:28:42]} 20. Re4 {[%clk 0:28:39]}  Bxf3 {[%clk 0:16:22]} 21. Rae3 {[%clk 0:22:38]}  Bxe4 {[%clk 0:16:22]} 22. Rxe4 {[%clk 0:34:32]}  d5 {[%clk 0:15:22]} 23. Rg4 {[%clk 0:26:43]}  Rf3 {[%clk 0:14:59]} 24. gxf3 {[%clk 0:28:28]}  Qf5 {[%clk 0:12:23]} 25. Nf1 {[%clk 0:23:43]}  Bb8 {[%clk 0:04:37]} 26. Ne3 {[%clk 0:19:08]}  Qb1 {[%clk 0:08:05]} 27. Qc2 {[%clk 0:16:15]}  Qxc2 {[%clk 0:07:09]} 28. Nxc2 {[%clk 0:15:04]}  Kh7 {[%clk 0:05:30]} 29. Ne1 {[%clk 0:14:55]}  Rf5 {[%clk 0:04:05]} 30. Nd3 {[%clk 0:09:40]}  Bd6 {[%clk 0:02:36]} 31. f4 {[%clk 0:04:42]}  Be7 {[%clk 0:02:30]} 32. Ne5 {[%clk 0:03:45]}  Nxh4 {[%clk 0:01:01]} 33. Rg3 {[%clk 0:02:25]}  Bd6 {[%clk 0:00:59]} 34. Rb3 {[%clk 0:01:32]}  Bxe5 {[%clk 0:01:07]} 35. dxe5 {[%clk 0:02:00]}  Rf7 {[%clk 0:01:27]} 36. Be3 {[%clk 0:01:41]}  Kg6 {[%clk 0:00:55]} 37. Kh2 {[%clk 0:01:05]}  Kf5 {[%clk 0:00:43]} 38. Kg3 {[%clk 0:00:51]}  Ng6 {[%clk 0:00:45]} 39. a5 {[%clk 0:00:36]}  Nf8 {[%clk 0:00:48]} 40. Rd3 {[%clk 0:00:42]}  Ne6 {[%clk 0:00:41]} 41. b4 {[%clk 0:00:38]}  g5 {[%clk 0:00:39]} 42. fxg5 {[%clk 0:26:31]}  hxg5 {[%clk 0:30:06]} 43. Ba7 {[%clk 0:26:48]}  g4 {[%clk 0:28:35]} 44. f3 {[%clk 0:25:54]}  Rg7 {[%clk 0:28:37]} 45. Bb8 {[%clk 0:25:36]}  Nf4 {[%clk 0:23:06]} 46. Rd1 {[%clk 0:24:52]}  Nh5+ {[%clk 0:17:57]} 47. Kh4 {[%clk 0:23:37]}  gxf3 {[%clk 0:19:51]} 48. Rf1 {[%clk 0:23:14]}  Nf4 {[%clk 0:20:01]} 0-1